000 00723nam a22001937a 4500
999 _c62823
_d62823
003 Ge_BSU
005 20250304164757.0
008 250304s1959 ge ||||| |||| 00| 0 geo d
041 _ageo
080 _a616.921.5 კ-22
100 _aკანდელაკი, მ.
_924449
245 _aგრიპი და მასთან ბრძოლა /
_cმ. კანდელაკი; საქ. სსრ პოლიტ. და მეცნ. ცოდნის გამავრც. საზ-ბა.
264 _aთბ.,
_c1959.
300 _a30 გვ. ;
_b21 სმ.
490 _aსერია V. N6
653 _aგრიპი
653 _aმედიცინა
942 _2udc
_cᲬᲘᲒᲜᲘ